000 00423cam a2200181ua 4500
001 3979
008 111212n ii |||gr||||Z||||||asm
040 _cMAIN
082 _a891.4511
100 1 _aSarma, Jajneswar,
245 1 1 _aSatapatra
_cby Jajneswar Sarma
250 _a3rd.
260 _aGuwahati:
_bLawyers book stall,961.
300 _a122p:
_c23cm.
653 _aAssamese poem
653 _aSatapatra
942 _cBK
999 _c3801
_d3801